La méthaphysique d'Aristote (Record no. 34018)

MARC details
000 -LEADER
campo de control de longitud fija 00826nam a2200241 i 4500
001 - NÚMERO DE CONTROL
campo de control 34018
003 - IDENTIFICADOR DE NÚMERO DE CONTROL
campo de control ES-MaACL
005 - FECHA Y HORA DE LA ÚLTIMA TRANSACCIÓN
campo de control 20230906154848.0
007 - CAMPO FIJO DE DESCRIPCIÓN FÍSICA--INFORMACIÓN GENERAL
campo de control de longitud fija t|
008 - DATOS DE LONGITUD FIJA--INFORMACIÓN GENERAL
campo de control de longitud fija 030204s1976 fr ||||1| fre d
100 1# - ENTRADA PRINCIPAL--NOMBRE DE PERSONA
Nombre de persona Boehm, Rudolf.
9 (RLIN) 29734
245 13 - MENCIÓN DEL TÍTULO
Título La méthaphysique d'Aristote
Resto del título : le fondamental et l'essential /
Mención de responsabilidad, etc. Rudolf Boehm ; traduit de l'allemand et préssenté par Emmanuel Martineu ; avec une note de Jean-François Courtine.
260 ## - PUBLICACIÓN, DISTRIBUCIÓN, ETC.
Lugar de publicación, distribución, etc. París :
Nombre del editor, distribuidor, etc. Gallimard,
Fecha de publicación, distribución, etc. [1976]
300 ## - DESCRIPCIÓN FÍSICA
Extensión 380 p. ;
Dimensiones 23 cm.
490 1# - MENCIÓN DE SERIE
Mención de serie Bibliothèque de philosophie
500 ## - NOTA GENERAL
Nota general Indice.
504 ## - NOTA DE BIBLIOGRAFÍA, ETC.
Nota de bibliografía, etc. Bibliografía.
700 1# - ENTRADA AGREGADA--NOMBRE PERSONAL
Nombre de persona Martineu, Emmanuel.
9 (RLIN) 77708
700 1# - ENTRADA AGREGADA--NOMBRE PERSONAL
Nombre de persona Courtine, Jean-François.
9 (RLIN) 41287
830 0# - PUNTO DE ACCESO ADICIONAL DE SERIE-TÍTULO UNIFORME
Título uniforme Bibliothèque de philosophie
9 (RLIN) 181442
852 ## - LOCALIZACIÓN
Ubicación ES-MaACL
Número de control de estantería L-12314
Sublocalización o colección R.115503
Holdings
Estatus retirado Estado de pérdida Estado de daño No para préstamo Biblioteca de origen Biblioteca actual Ubicación en estantería Fecha de adquisición Fuente de adquisición Total de préstamos Signatura topográfica completa Código de barras Visto por última vez Precio de reemplazo Tipo de ítem Koha
        Biblioteca del Ateneo de Madrid Biblioteca del Ateneo de Madrid Depósito 2 17/01/2008     L-12314 1035458 23/02/2023 23/02/2023 Libro impreso